Oldest Ally (Record no. 1235681)

MARC details
000 -LEADER
fixed length control field 00458nam a2200193Ia 4500
008 - FIXED-LENGTH DATA ELEMENTS--GENERAL INFORMATION
fixed length control field 151121s9999||||xx |||||||||||||| ||und||
082 ## - DEWEY DECIMAL CLASSIFICATION NUMBER
Classification number 946।9/FRY
082 ## - DEWEY DECIMAL CLASSIFICATION NUMBER
Item number HNW-51230
100 ## - MAIN ENTRY--PERSONAL NAME
Personal name Fryer And Pinheiro
245 ## - TITLE STATEMENT
Title Oldest Ally
260 ## - PUBLICATION, DISTRIBUTION, ETC. (IMPRINT)
Name of publisher, distributor, etc "Dennis Dobson, London।"
260 ## - PUBLICATION, DISTRIBUTION, ETC. (IMPRINT)
Date of publication, distribution, etc --
300 ## - PHYSICAL DESCRIPTION
Extent 280
600 ## - SUBJECT ADDED ENTRY--PERSONAL NAME
Personal name Fryer And Pinheiro
630 ## - SUBJECT ADDED ENTRY--UNIFORM TITLE
Uniform title Oldest Ally
700 ## - ADDED ENTRY--PERSONAL NAME
Personal name Fryer And Pinheiro
730 ## - ADDED ENTRY--UNIFORM TITLE
Uniform title Oldest Ally
942 ## - ADDED ENTRY ELEMENTS (KOHA)
Koha item type Book
Holdings
Withdrawn status Lost status Damaged status Not for loan Home library Current library Date acquired Cost, normal purchase price Total Checkouts Full call number Barcode Date last seen Cost, replacement price Price effective from Koha item type
        Hirachand Nemchand Wachanalaya, Solapur Hirachand Nemchand Wachanalaya, Solapur 11/21/2015 0.00   HNW-51230 HNW-51230 11/21/2015 0.00 11/21/2015 Book